000 00587nam a2200229Ia 4500
003 0100
008 130303s9999 xx 000 0 und d
020 _a0894532502
040 _cARRUPELIB
050 _aBS1555.3.C69 1981
100 _aCollins, John J
245 _aDaniel, first Maccabees, second Maccabees
245 _bwith an excursus on the apocalyptic genre
260 _aWilmington, Delaware
260 _bMichael Glazier
260 _C1981
300 _axi
300 _b 368p. 20cm.
440 _aOld testament message
650 _bFiction
942 _2lcc
_01
999 _c58347
_d58347